| 000 | 00467 a2200157 4500 | ||
|---|---|---|---|
| 005 | 20250617080929.0 | ||
| 020 | _a978-0-07-287132-6 | ||
| 082 | _a808.042 LAN | ||
| 100 | _aLANGAN, J. | ||
| 245 | _aCollege Writing Skills with Readings. | ||
| 250 | _a6th Ed. | ||
| 260 |
_aBoston, _bMcGraw-Hill, _c2005. |
||
| 300 |
_axxii, 734p.: ill.; table, picture _bIndex _c24cm. |
||
| 856 |
_yAccess Online Book _fCollege Writing Skills _dwww.mhhe.com/langan |
||
| 942 |
_2ddc _cBKS |
||
| 999 |
_c1004 _d1004 |
||